000 00419nam a22001577a 4500
999 _c7463
_d7461
005 20210219151234.0
008 210219b ||||| |||| 00| 0 eng d
020 _a978-011-3230-839
041 _aeng
100 _aMUKHERJEE, DR. PULOK K.
_96378
245 _aBRITISH PHARMACOPOEIA, 2021 [ J-Z] V-II
260 _aLONDON
_bTHR STATIONARY OFFICE
_c2020
300 _aII-1342, P
650 _aPHARMACY
_96381
942 _cBK